000 00485nam a2200169 a 4500
020 _a938085627X
020 _a978-9380856278
082 0 0 _a624.151
_bKES
100 1 _aKesavulu, N Chenna.
_951192
245 1 0 _aEngineering geology
_cN Chenna. Kesavulu,
260 _aNew Delhi ;
_aBoston :
_bTrinity,
_c2016.
300 _a449 p. :
_bill. ;
_c25 cm.
526 _a0
_b0
_c0
_d624_151000000000000_KES
650 0 _aEngineering geology.
650 0 _aSoil mechanics.
942 _2ddc
_cBK
999 _c553948
_d553948